000 04362nab a2200301 i 4500
003 BR-BrBNA
005 20260127155134.0
008 260127b2020 bl.mr|pooa||| 00| 0 eng |
040 _aBR-BrBNA
_beng
072 _aF01
_b1990
072 _aU10
100 _aGuimarães, Bruno V. C.
100 _aDonato, Sérgio L. R.
100 _aAspiazú, Ignacio
100 _aAzevedo, Alcinei M.
100 _aCarvalho, Abner J. de
245 _aRegression models for productivity prediction in cactus pear cv. Gigante
500 _aPublicação on-line; 25 ref.; 4 illus; Sumaries (En, Pt)
520 _a ABSTRACT: The understanding of plant behavior and its reflexes on yield is essential for rural planning; thus, the biomathematical models are promising in the yield prediction of cactus pear cv. Gigante. This study aimed to adjust, through simple and multiple regression analysis, models for predicting the yield of cactus pear cv. Gigante. The study, using homogeneous treatments, was developed at the Instituto Federal Baiano, Campus of Guanambi, Bahia, Brazil. Data were collected in an area consisting of 384 basic units (plants), in which the yield, defined as a dependent variable, and the predictor variables: plant height (PH), cladode length (CL), cladode width (CW), and cladode thickness (CT), number of cladodes (NC), cladode area (CA), and total cladode area (TCA) were evaluated. Simple linear regression models, multiple regression models only with simple effects for the explanatory variables, and the multiple regression models considering the simple and quadratic effects, and all its possible interactions were adjusted. From this last model, a reduced model was obtained by discarding the less relevant effects, using the Stepwise methodology. The use of the vegetative traits, TCA, NC, CA, CL, CT, and CW, through the adoption of multiple linear regression, quadratic interaction or just the variable TCA by the use of simple linear regression, allows the yield prediction of cactus pear, with adjusted R² of 0.82, 0.76, and 0.74, respectively. Key words: Opuntia sp., modeling, estimation, yield
520 _a RESUMO: O entendimento sobre o comportamento vegetal e seus reflexos sobre a produtividade é essencial ao planejamento rural, com isso, os modelos biomatemáticos são promissores na predição da produtividade da palma forrageira cv. Gigante. Objetivou-se com este estudo ajustar por meio de análises de regressão simples e múltipla modelos para predição da produtividade da palma forrageira cv. Gigante. O estudo, em formato de homogeneidade de tratamentos, foi desenvolvido no Instituto Federal Baiano, Campus Guanambi, Bahia, Brasil Os dados foram coletados em área constituída de 384 unidades básicas, nas quais se mensuraram a produtividade, definida como variável dependente, e as variáveis preditoras: altura da planta (PH), comprimento (CL), largura (CW) e espessura do cladódio (CT), número de cladódio (NC), área do cladódio (CA), e área total do cladódio (TCA). Foram ajustados modelos de regressão linear simples, modelos de regressão múltipla com efeitos simples apenas para as variáveis explicativas e modelos de regressão múltipla, considerando tanto os efeitos simples, quadráticos e todas as suas interações possíveis. A partir deste último modelo citado, foi obtido um modelo reduzido pelo descarte dos efeitos menos relevantes, por meio da metodologia Stepwise. O uso das características vegetativas TCA, NC, CA, CL, CT e CW, por meio de adoção da regressão linear múltipla, interação quadrática ou somente a variável TCA pelo emprego da regressão linear simples, permite a predição da produtividade da palma forrageira, com R² ajustado de 0,82, 0,76 e 0,74, respectivamente. Palavras-chave: Opuntia sp., modelagem, estimativa, rendimento
650 _aPALMA FORRAGEIRA
650 _aREDIMENTO
650 _aMODELO MATEMÁTICO
773 0 _03534
_9317792
_dCampina Grande-PB Universidade Federal de Campina Grande. Centro de Ciências e Tecnologia 1997
_o2024-4513
_tRevista Brasileira de Engenharia Agrícola e Ambiental (Brazil)
_x1415-4366
_gv. 24 (11) p. 721-727; (2020)
_wBR2025001827
856 _uhttps://www.scielo.br/j/rbeaa/a/TWn8tDwjqzfmg89Rj4wPYnH/?format=pdf&lang=en
942 _cANA
999 _c339939
_d339939